000 00653nam a2200265Ia 4500
005 20260121161454.0
008 008 260114s9999 xx 000 0 eng d
020 _a9780203096673
037 _aEBOOK
040 _aCRL
040 _beng
040 _cCRL
041 _2eng
041 _aeng
084 _qCRL
100 _aPsychology, Strategy and Conflict
_91045352
245 0 _aJames W. Davis
260 _bTaylor and Francis
260 _c2013
650 _aMilitary & Strategic Studies
_91045353
856 _uhttp://www.taylorfrancis.com/books/9780203096673
942 _cEBOOK
999 _c1611084
_d1611084